| 000 | 00541nam a2200193 a 4500 | ||
|---|---|---|---|
| 001 | 1765892289967 | ||
| 003 | YourLibrary | ||
| 005 | 20251222113021.0 | ||
| 008 | 251216s2009##################000#0#eng## | ||
| 020 | _a9780199546633 | ||
| 082 | 0 | 4 |
_a230.14 _bTVR |
| 100 | 1 |
_aTheologian), Saint Symeon (the New, _eauthor. |
|
| 245 | 1 | 0 | _aThe Epistles of St Symeon the New Theologian : |
| 260 |
_bOxford University Press, _c2009. |
||
| 300 | _a206 pages | ||
| 650 | 0 | _aReligion. | |
| 942 | _cENGLISH | ||
| 040 |
_aYourLibrary _beng _cYourLibrary |
||
| 999 |
_c603803 _d603803 |
||